00403nam a22001457a 450000500170000000800410001702000180005804100120007608200130008810000120010124500350011326000520014830000320020065000250023220240822065023.0240822b |||||||| |||| 00| 0 eng d a9781485139119 aEnglish a349 YEA  lEnglish aYearbook of South African Law  aCape Town: bJuta and Company (Pty) Ltd, c2022 blxiv, 1140 pages; c25 cm.  aLegal practice bLaw